000 02923cam a22006014i 4500
003 PE-LiUPU
005 20250731180143.0
008 150706s2008 pe a r 000 0 spa d
035 _a(Sirsi) a48980
040 _aPE-LiUPU
_bspa
_cPE-LiUPU
_erda
049 _aPRUA
082 0 4 _a516.307
_bL412008
_221
100 1 _aFigueroa García, Ricardo,
_eautor.
245 1 0 _aSolucionario de geometría analítica [de] Charles H. Lehmann /
_cRicardo Figueroa García.
250 _aOctava edición.
264 1 _aLima :
_bEdiciones RFG,
_c2008.
300 _a428 páginas :
_bilustraciones ;
_c21 centímetros
336 _atext
_2rdacontent
337 _aunmediated
_2rdamedia
338 _avolume
_2rdacarrier
505 0 _aSistemas de coordenadas -- Gráfica de una ecuación y lugares geométricos -- La línea recta -- Ecuación de la circunferencia -- Transformación de coordenadas -- La parábola -- La elipse -- La hiperbola -- Ecuación general de segundo grado -- Coordenadas polares.
526 _aSEG44
526 _aSEG26
526 _aP159
526 _aP155
526 _aP154
526 _aP153
526 _aP150
526 _aP100
526 _aP31
526 _aP30
526 _aP26
526 _aP25
526 _aP24
526 _aP22
526 _aP15
526 _aP10
650 0 4 _aGeometría analítica
_xProblemas, ejercicios, etc.
910 _agl
_bng
_cng
_d20101019
910 _adbm
_bncf
_cncf
_d20190429
942 _2ddc
_cBOOK
949 _a516.307 L41 2008
_wDEWEY
_c1
_i62201
_lCCODEBUL1
_mBUL
_p15.00
_r0
_sY
_tLIBRO
_u2015-07-06
_xBIBLIOTECA
_zUNKNOWN
_o.STAFF. Colección General
949 _a516.307 L41 2008
_wDEWEY
_c2
_i62326
_lCCODEBUL1
_mBUL
_p15.00
_r0
_sY
_tLIBRO
_u2015-07-06
_xBIBLIOTECA
_zUNKNOWN
_o.STAFF. Colección Ingeniería y Arquitectura
949 _a516.307 L41 2008
_wDEWEY
_c3
_i62327
_lCCODEBUL1
_mBUL
_p14.00
_r0
_sY
_tLIBRO
_u2015-07-06
_xBIBLIOTECA
_zUNKNOWN
_o.STAFF. Colección Ingeniería y Arquitectura
994 _aC0
_bPEPRU
596 _a1
999 _a516.307 L41 2008
_wDEWEY
_c51277
_i62201
_d51277
_e2018-6-20
_f2018-2-9
_g4
_kCHECKEDOUT
_mBUL
_n15
_p15.00
_q2
_rM
_sY
_tBOOK
_u2015-7-6
_xINGENIERIA
_zUNKNOWN
_0COMPRA
_o.STAFF. Colección Ingeniería y Arquitectura
999 _a516.307 L41 2008
_wDEWEY
_c2
_i62326
_d2022-6-16
_e2019-6-21
_f2021-11-5
_g8
_lCCODEBUL1
_mBUL
_n18
_p15.00
_q7
_r0
_sY
_tBOOK
_u2015-7-6
_xBIBLIOTECA
_PP25
_0COMPRA
_o.STAFF. Colección Ingeniería y Arquitectura
999 _a516.307 L41 2008
_wDEWEY
_c3
_i62327
_d2022-6-17
_e2022-6-16
_f2021-11-5
_g8
_lCCODEBUL1
_mBUL
_n18
_p14.00
_q2
_r0
_sY
_tBOOK
_u2015-7-6
_xBIBLIOTECA
_PP25
_0COMPRA
_o.STAFF. Colección Ingeniería y Arquitectura
980 _81
_gALBERTO SANCHEZ Responsable de Automatización